[Event "London Classic Open 2018"]
[Site "London ENG"]
[Date "2018.12.12"]
[Round "4.54"]
[White "Ethelontis, Alexandros N"]
[Black "Marentini, Marcel"]
[Result "0-1"]
[WhiteElo "2187"]
[BlackElo "2030"]
[WhiteFideId "405469"]
[BlackFideId "1318730"]
[EventDate "2018.12.09"]

1. c4 f5 2. g3 Nf6 3. Bg2 g6 4. Nc3 Bg7 5. d3 O-O 6. e4 fxe4 7. dxe4 d6 8. Nge2
c5 9. O-O Nc6 10. Rb1 Be6 11. b3 Qd7 12. Nf4 Bf7 13. Bh3 e6 14. Be3 Qe7 15. Nfe2
Rad8 16. Qc2 b6 17. Bg2 Ng4 18. Bd2 Nd4 19. Qd1 Ne5 20. f4 Nec6 21. Rc1 a6 22.
Kh1 Be8 23. Be3 Bf7 24. Ng1 b5 25. cxb5 axb5 26. Nf3 Nxf3 27. Bxf3 b4 28. Ne2 e5
29. Qd2 Nd4 30. Bg2 Be6 31. h3 Bd7 32. Rf2 Bc6 33. f5 gxf5 34. Bg5 Bf6 35. Bxf6
Rxf6 36. Nxd4 exd4 37. exf5 Bxg2+ 38. Kxg2 Qe4+ 39. Kh2 Rxf5 40. Re1 Qd5 41.
Rxf5 Qxf5 42. g4 Qf6 43. Qe2 Rf8 44. Kg2 Kg7 45. Rd1 Rf7 46. Re1 Qf4 47. Rd1 Qe5
48. Qd3 Qd5+ 49. Kg3 Re7 50. Qd2 Qe5+ 51. Kg2 Qe2+ 52. Kg3 Re3+ 53. Kh4 Qf3 54.
Re1 Qxh3+ 55. Kg5 Qh6+ 56. Kf5 Qf6# 0-1

[Event "London Classic Open 2018"]
[Site "London ENG"]
[Date "2018.12.12"]
[Round "4.55"]
[White "Lim, Zhuo Ren"]
[Black "Kromhout, Ewan"]
[Result "1/2-1/2"]
[WhiteTitle "FM"]
[WhiteElo "2184"]
[BlackElo "2019"]
[WhiteFideId "5702488"]
[BlackFideId "14300206"]
[EventDate "2018.12.09"]

1. d4 d5 2. c4 Nc6 3. Nf3 Bg4 4. e3 e5 5. dxe5 dxc4 6. Qxd8+ Rxd8 7. Bxc4 Nxe5
8. Be2 Nxf3+ 9. gxf3 Be6 10. Nc3 c6 11. e4 Bb4 12. Be3 a6 13. O-O Nf6 14. a3 Be7
15. Rfd1 O-O 16. Rxd8 Rxd8 17. Rd1 Rxd1+ 18. Bxd1 Nd7 19. f4 f5 20. f3 g6 21.
Bc2 Kf7 22. Kf2 b5 23. Ne2 c5 24. Ng3 fxe4 25. fxe4 Nf6 26. Ke2 h5 27. Kf3 Bg4+
28. Kg2 h4 29. Nh1 Be6 30. Nf2 c4 31. Kf3 Nd7 32. Bd4 a5 33. Ng4 b4 34. axb4
axb4 35. Ne3 b3 36. Bb1 Ke8 37. Nd1 Kf7 38. Ne3 Ke8 39. e5 Kf7 40. f5 gxf5 41.
Nxf5 Bg5 42. Ne3 Nf8 43. Be4 Ng6 44. Nd5 Ne7 45. Nxe7 Bxe7 46. Kf4 Bd8 47. Bc3
Bb6 48. Kg5 Bd8+ 49. Kf4 Bb6 50. Kg5 Bd8+ 51. Kf4 Bb6 52. Kg5 1/2-1/2

[Event "London Classic Open 2018"]
[Site "London ENG"]
[Date "2018.12.12"]
[Round "4.56"]
[White "Keetman, Maaike"]
[Black "Yoon, Jacob D"]
[Result "1-0"]
[WhiteElo "2173"]
[BlackElo "2009"]
[WhiteFideId "1033697"]
[BlackFideId "446076"]
[EventDate "2018.12.09"]

1. e4 c5 2. Nf3 Nc6 3. Bb5 g6 4. Bxc6 bxc6 5. O-O Bg7 6. Re1 Nf6 7. e5 Nd5 8. c4
Nc7 9. d4 cxd4 10. Qxd4 Ne6 11. Qh4 Ba6 12. Nc3 O-O 13. b3 d5 14. cxd5 cxd5 15.
Ba3 Re8 16. Rad1 Bb7 17. Nd4 Qd7 18. Qh3 Nf8 19. Qxd7 Nxd7 20. Ndb5 Bxe5 21.
Nxd5 Bxd5 22. Rxd5 Rad8 23. Red1 Rb8 24. Nxa7 Bd6 25. Bxd6 exd6 26. Rxd6 Rb7 27.
Nc6 Nc5 28. Kf1 Kg7 29. R6d5 Ne4 30. Re5 Rxe5 31. Nxe5 Nc3 32. Rd2 Ra7 33. Rc2
Nxa2 34. Nc6 Ra3 35. Ke2 Kf6 36. Kd2 h5 37. b4 Ke6 38. b5 Kd6 39. b6 Rb3 40. Na5
Rxb6 41. Nc4+ 1-0

[Event "London Classic Open 2018"]
[Site "London ENG"]
[Date "2018.12.12"]
[Round "4.57"]
[White "Rice, Chris B"]
[Black "Russell, Christopher"]
[Result "1-0"]
[WhiteElo "1963"]
[BlackElo "2169"]
[WhiteFideId "404446"]
[BlackFideId "413569"]
[EventDate "2018.12.09"]

1. c4 e6 2. g3 Nf6 3. Bg2 d5 4. Nf3 Be7 5. O-O O-O 6. b3 c5 7. Bb2 Nc6 8. e3 d4
9. exd4 cxd4 10. Re1 Re8 11. d3 Bc5 12. a3 a5 13. Ne5 Nxe5 14. Rxe5 Bd6 15. Rb5
e5 16. Bxb7 Bxb7 17. Rxb7 Nd7 18. Qf3 Rb8 19. Nd2 Rxb7 20. Qxb7 Nc5 21. Qf3 Qb8
22. Re1 Rd8 23. Kg2 h6 24. Rb1 Ne6 25. h4 Qc7 26. Ne4 Be7 27. Bc1 Rf8 28. b4 f5
29. Nc5 Nxc5 30. Qd5+ Kh8 31. bxc5 f4 32. Rb7 f3+ 33. Qxf3 Qc8 34. Qe4 Qxc5 35.
Rb5 Qc8 36. Rxe5 Bf6 37. Re6 Qb8 38. Bf4 Qb3 39. Bd6 Rg8 40. h5 a4 41. Bb4 Qd1
42. Qf3 Qc1 43. Bd6 Bg5 44. Qe2 Qb1 45. c5 Qb7+ 46. Qe4 Qf7 47. c6 Qxh5 48. c7
Qf7 49. Qe2 Qd7 50. Qe4 Rc8 51. f4 Bf6 52. Kf2 Qb5 53. Kf3 Qh5+ 54. Kg2 Qb5 55.
Kf2 Qh5 56. Kg2 Qb5 57. g4 Qd7 58. Qf5 Qc6+ 59. Kh2 Qc2+ 60. Kh3 Qc1 61. Qe4
Qf1+ 62. Kh2 Qf2+ 63. Qg2 Qh4+ 64. Kg1 Kh7 65. Qe4+ g6 66. Qf3 Bd8 67. Be5 Bxc7
68. Bf6 g5 69. Qe4+ 1-0

[Event "London Classic Open 2018"]
[Site "London ENG"]
[Date "2018.12.12"]
[Round "4.58"]
[White "Czopor, Maciej"]
[Black "Royal, Shreyas"]
[Result "1-0"]
[BlackTitle "CM"]
[WhiteElo "2164"]
[BlackElo "1930"]
[WhiteFideId "21805431"]
[BlackFideId "448869"]
[EventDate "2018.12.09"]

1. e4 c5 2. Nf3 d6 3. d4 cxd4 4. Nxd4 Nf6 5. Nc3 g6 6. Be3 Bg7 7. f3 O-O 8. Qd2
Nc6 9. Bc4 Bd7 10. O-O-O Rc8 11. Bb3 Ne5 12. Kb1 a6 13. h4 h5 14. g4 b5 15. gxh5
Nxh5 16. Rdg1 e6 17. f4 Nc4 18. Bxc4 Rxc4 19. f5 exf5 20. exf5 Kh7 21. Nd5 Bxd4
22. Bxd4 Bxf5 23. Ne3 Be4 24. Rh2 Rc6 25. Ng4 f6 26. Qh6+ Kg8 27. Re2 Qe8 28.
Nf2 Ng3 29. Rxg3 Bxc2+ 30. Rxc2 Rxc2 31. Rxg6+ Kf7 32. Rxf6+ Ke7 33. Re6+ 1-0

[Event "London Classic Open 2018"]
[Site "London ENG"]
[Date "2018.12.12"]
[Round "4.59"]
[White "Georgescu, Lena"]
[Black "Frank, Tena"]
[Result "1/2-1/2"]
[WhiteTitle "WFM"]
[BlackTitle "WFM"]
[WhiteElo "2162"]
[BlackElo "1899"]
[WhiteFideId "1331973"]
[BlackFideId "4624297"]
[EventDate "2018.12.09"]

1. e4 c5 2. Nf3 e6 3. d4 cxd4 4. Nxd4 Nc6 5. Nc3 Qc7 6. f4 a6 7. Nxc6 bxc6 8.
Bd3 d5 9. O-O Nf6 10. Qe2 Be7 11. Bd2 O-O 12. Rae1 Re8 13. Kh1 c5 14. e5 c4 15.
exf6 cxd3 16. Qg4 Bxf6 17. Nxd5 Qd8 18. Nxf6+ Qxf6 19. Bc3 Qg6 20. Qxg6 hxg6 21.
cxd3 Rd8 22. Re3 Bb7 23. Kg1 Rd7 24. Kf2 Bd5 25. a3 Bb3 26. Ke2 a5 27. h4 a4 28.
Rff3 f6 29. g4 Kf7 30. Rh3 Rh8 31. Kd2 Rhd8 32. h5 gxh5 33. Rxh5 Bc4 34. Rhh3
Rd5 35. Reg3 R8d7 36. Ke2 Bb3 37. Rh8 Bc2 38. d4 Rd8 39. Rgh3 Kg6 40. Rxd8 Rxd8
41. Kd2 Bb3 42. Rh5 Rd5 43. Rh8 Kf7 1/2-1/2

[Event "London Classic Open 2018"]
[Site "London ENG"]
[Date "2018.12.12"]
[Round "4.60"]
[White "Mueller, Jens"]
[Black "Menzies, Colin"]
[Result "0-1"]
[WhiteElo "1961"]
[BlackElo "2132"]
[WhiteFideId "16251016"]
[BlackFideId "2502755"]
[EventDate "2018.12.09"]

1. d4 Nf6 2. Bf4 g6 3. Nc3 d5 4. e3 c6 5. h4 Qa5 6. Qd2 Bg7 7. O-O-O Nbd7 8. Kb1
Nh5 9. Bh2 e5 10. g4 Nhf6 11. f3 Qc7 12. g5 Nh5 13. e4 dxe4 14. Nxe4 O-O 15. Bh3
f5 16. gxf6 Ndxf6 17. Qg5 Nxe4 18. fxe4 Bf6 19. Bxe5 Qxe5 20. Qxe5 Bxe5 21. dxe5
Ng3 22. Rh2 Nxe4 23. Bxc8 Raxc8 24. Rg2 Rce8 25. Nh3 Rxe5 26. Ng5 Nxg5 27. hxg5
Rff5 28. Rdg1 Kg7 29. c3 b6 30. Kc2 a5 31. a4 Re4 32. Rd1 Rxa4 33. Rd7+ Rf7 34.
Rd6 Rc4 35. Kd3 Rc5 36. Kd4 Rc7 37. b3 Rf5 38. Rg3 b5 39. c4 a4 40. bxa4 bxa4
41. c5 Rf4+ 42. Ke3 Rc4 43. Rd4 Rc3+ 44. Kf4 Rxg3 45. Kxg3 Ra7 46. Rd2 a3 47.
Ra2 Kf7 48. Kf4 Ke6 49. Ke4 Ra4+ 0-1

[Event "London Classic Open 2018"]
[Site "London ENG"]
[Date "2018.12.12"]
[Round "4.61"]
[White "Lindholm, Jere"]
[Black "Finn, Peter"]
[Result "1-0"]
[WhiteElo "2130"]
[BlackElo "1820"]
[WhiteFideId "508012"]
[BlackFideId "432156"]
[EventDate "2018.12.09"]

1. e4 c5 2. Nf3 Nc6 3. d4 cxd4 4. Nxd4 Nf6 5. Nc3 e5 6. Ndb5 d6 7. Bg5 a6 8. Na3
b5 9. Nd5 Qa5+ 10. Bd2 Qd8 11. Bd3 Nxd5 12. exd5 Ne7 13. c4 g6 14. cxb5 Bg7 15.
bxa6 O-O 16. Bc4 Bxa6 17. Bc3 Qc8 18. Bxa6 Qxa6 19. Nc2 e4 20. Bxg7 Kxg7 21. Qe2
Qxe2+ 22. Kxe2 Nxd5 23. Rhd1 Nf4+ 24. Ke3 Nd3 25. Rxd3 exd3 26. Kxd3 Ra5 27. b4
Rg5 28. g3 Rc8 29. a4 Rd5+ 30. Nd4 f5 31. a5 Kf6 32. a6 Ke5 33. f4+ Kf6 34. a7
Ra8 35. Kc4 Rxd4+ 36. Kxd4 Ke6 37. Kc4 Kd7 38. Kb5 Kc7 39. Ka6 Rc8 40. Rc1+ 1-0

[Event "London Classic Open 2018"]
[Site "London ENG"]
[Date "2018.12.12"]
[Round "4.62"]
[White "Cavendish, Joshua Z"]
[Black "Osborne, Marcus E"]
[Result "0-1"]
[WhiteElo "1944"]
[BlackElo "2128"]
[WhiteFideId "418005"]
[BlackFideId "404608"]
[EventDate "2018.12.09"]

1. e4 e6 2. d4 d5 3. e5 c5 4. c3 Nc6 5. Nf3 Qb6 6. a3 c4 7. Nbd2 Na5 8. g3 Bd7
9. Bg2 Ne7 10. O-O h6 11. Re1 O-O-O 12. Rb1 Qc7 13. Nf1 Ng6 14. Ne3 f5 15. exf6
gxf6 16. Ng4 Bg7 17. Qc2 Be8 18. Rxe6 Qd7 19. Qe2 Bf7 20. Rxf6 Bxf6 21. Nxf6 Qf5
22. Ne5 Nxe5 23. Qxe5 Qxe5 24. dxe5 Bg6 25. Bf4 Bxb1 26. e6 Bf5 27. e7 Rde8 28.
Nxe8 Rxe8 29. Bd6 Kd7 30. Bc5 b6 31. Bb4 Nc6 32. Bxd5 Nxb4 33. axb4 Be6 0-1

[Event "London Classic Open 2018"]
[Site "London ENG"]
[Date "2018.12.12"]
[Round "4.63"]
[White "Rocco, Federico"]
[Black "Spina, Simonpietro"]
[Result "1-0"]
[WhiteElo "2244"]
[BlackElo "1881"]
[WhiteFideId "431362"]
[BlackFideId "882453"]
[EventDate "2018.12.09"]

1. e4 c5 2. Nf3 e6 3. d4 cxd4 4. Nxd4 a6 5. c4 Nf6 6. Nc3 Qc7 7. Be3 d6 8. Be2
Be7 9. O-O b6 10. Rc1 Bb7 11. f3 Nbd7 12. b4 O-O 13. Qe1 Rac8 14. Qf2 Qb8 15.
Nb3 d5 16. cxd5 exd5 17. Nxd5 Nxd5 18. exd5 Bxd5 19. Rcd1 Bc6 20. Bxa6 Rcd8 21.
b5 Ba8 22. Nd4 Bd6 23. Qh4 Ne5 24. Nf5 Ng6 25. Qh3 Bc7 26. Kh1 Rxd1 27. Rxd1 Rd8
28. Re1 Re8 29. Rc1 Bd5 30. Bd4 Be5 31. Qg4 Be6 32. Bg1 Nf4 33. Qg5 Bf6 34. Qg4
h5 35. Nh6+ Kh7 36. Qg3 Kxh6 37. Be3 g5 38. h4 Qe5 39. hxg5+ Qxg5 40. Bxf4 1-0

[Event "London Classic Open 2018"]
[Site "London ENG"]
[Date "2018.12.12"]
[Round "4.64"]
[White "Newbry, Benjamin J"]
[Black "Hill, Alistair"]
[Result "0-1"]
[WhiteElo "1875"]
[BlackElo "2219"]
[WhiteFideId "30924634"]
[BlackFideId "432407"]
[EventDate "2018.12.09"]

1. f4 Nf6 2. Nf3 d5 3. g3 c5 4. Bg2 g6 5. O-O Bg7 6. d3 O-O 7. c3 Nc6 8. Na3 Rb8
9. Nh4 b5 10. e4 dxe4 11. dxe4 Qb6 12. e5 Ng4 13. Qf3 Na5 14. h3 Nh6 15. Be3 b4
16. cxb4 Qxb4 17. Qf2 Nb7 18. Nc2 Qa5 19. a3 Nf5 20. b4 Qa4 21. Nxf5 Bxf5 22.
Rfc1 f6 23. g4 Be6 24. bxc5 fxe5 25. Rab1 exf4 26. Bd4 f3 27. Bxg7 Kxg7 28. Qd4+
Qxd4+ 29. Nxd4 Bd5 30. Bxf3 Bxf3 31. Ne6+ Kg8 32. Nxf8 Rxf8 33. c6 Nd6 34. c7
Bd5 35. Rf1 Rxf1+ 36. Kxf1 Kf7 37. Rb8 Be6 38. Kg2 Nc8 39. Kf3 h5 40. Rb5 hxg4+
41. hxg4 Ke8 42. Rg5 Bf7 43. Kf4 Kd7 44. Rc5 Nd6 45. Ra5 Nc8 46. Rc5 Kd6 47. Rc3
a5 48. Kg5 Be8 49. Kh6 e5 50. Kg5 Bd7 51. Rg3 Ne7 52. Kf6 e4 53. Rg1 e3 54. Rd1+
Nd5+ 55. Kg5 Ke5 56. Rc1 Bc8 57. Kxg6 Bxg4 58. c8=Q Bxc8 59. Rxc8 Ne7+ 0-1

[Event "London Classic Open 2018"]
[Site "London ENG"]
[Date "2018.12.12"]
[Round "4.65"]
[White "Laustsen, Lars"]
[Black "Vachtfeidl, Petr"]
[Result "1-0"]
[WhiteElo "2186"]
[BlackElo "1861"]
[WhiteFideId "1407554"]
[BlackFideId "315028"]
[EventDate "2018.12.09"]

1. d4 Nf6 2. c4 g6 3. g3 Bg7 4. Bg2 d5 5. cxd5 Nxd5 6. Nf3 Nb6 7. Nc3 Nc6 8. e3
O-O 9. O-O Re8 10. Nh4 e5 11. d5 Na5 12. Rb1 Nac4 13. b3 Nd6 14. e4 f5 15. exf5
Nxf5 16. Ne4 Nxd5 17. Bg5 Nfe7 18. Qe2 c6 19. Rfc1 Qc7 20. b4 a6 21. Nc5 Kh8 22.
Qc4 b6 23. Bxe7 Qxe7 24. Bxd5 cxd5 25. Qxd5 Bh3 26. Ne4 Be6 27. Qc6 Bxa2 28. Rb2
Qe6 29. Ng5 Qxc6 30. Rxc6 Bd5 31. Rxb6 Rac8 32. Rb1 e4 33. Ng2 Bd4 34. Rxa6 Bb7
35. Rd6 Rcd8 36. Rxd8 Rxd8 37. Nf7+ 1-0

[Event "London Classic Open 2018"]
[Site "London ENG"]
[Date "2018.12.12"]
[Round "4.66"]
[White "Eames, Robert S"]
[Black "Karia, Rishul"]
[Result "1-0"]
[WhiteTitle "FM"]
[WhiteElo "2167"]
[BlackElo "1851"]
[WhiteFideId "408743"]
[BlackFideId "429384"]
[EventDate "2018.12.09"]

1. d4 Nf6 2. c4 g6 3. Nc3 Bg7 4. e4 d6 5. Nf3 Nbd7 6. Be2 c5 7. d5 O-O 8. O-O
Nb6 9. h3 e6 10. Bg5 exd5 11. cxd5 h6 12. Be3 Nh7 13. Qd2 g5 14. g4 Re8 15. Bd3
Nf8 16. Ne2 Ng6 17. Ng3 Nd7 18. Nf5 Nde5 19. Nxe5 Nxe5 20. Be2 Bxf5 21. gxf5 Kh7
22. Kg2 Qf6 23. f3 c4 24. Rac1 Rec8 25. Rc2 b5 26. Rfc1 a6 27. b3 c3 28. Qe1 b4
29. Rd1 a5 30. Bb5 h5 31. Qg3 Bh6 32. Bd4 Qe7 33. Bxe5 Qxe5 34. Qxe5 dxe5 35. d6
Rc5 36. Ba4 Rd8 37. d7 Bf8 38. Kf1 Kg7 39. Ke2 Kf6 40. Rd3 Rc7 41. Kd1 Bc5 42.
Rd5 Ke7 43. Rxe5+ Kf6 44. Rd5 g4 45. fxg4 hxg4 46. hxg4 Kg5 47. e5 Kf4 48. Re2
Be3 49. Rd3 Bd2 50. Kc2 Kxg4 51. e6 Bg5 52. e7 1-0

[Event "London Classic Open 2018"]
[Site "London ENG"]
[Date "2018.12.12"]
[Round "4.67"]
[White "Stewart, Ashley"]
[Black "Lochte, Szilvia"]
[Result "1-0"]
[WhiteElo "2160"]
[BlackElo "1843"]
[WhiteFideId "419001"]
[BlackFideId "708410"]
[EventDate "2018.12.09"]

1. c4 c5 2. g3 g6 3. Bg2 Bg7 4. Nc3 Nc6 5. Nf3 d6 6. O-O Bf5 7. d3 Qd7 8. Rb1
Bh3 9. Bxh3 Qxh3 10. Nd5 Qd7 11. Bd2 e6 12. Bc3 Nd4 13. e3 Nxf3+ 14. Qxf3 Bxc3
15. Nxc3 f5 16. b4 Rb8 17. bxc5 dxc5 18. Qf4 Qd8 19. Qe5 Nf6 20. Qxc5 b6 21.
Qc6+ Kf7 22. Nb5 Qe7 23. Qd6 Rb7 24. Qxe7+ Kxe7 25. Rb3 Rd8 26. Ra3 Rdd7 27. Rc1
Kd8 28. Kf1 Ne8 29. Ke2 Nd6 30. Nd4 Ke7 31. f4 Rbc7 32. Rac3 Nc8 33. h3 h5 34.
Nf3 Kf6 35. Ne5 Rd6 36. d4 Ne7 37. g4 hxg4 38. hxg4 fxg4 39. Nxg4+ Kf7 40. Kd3
Nc6 41. a3 Ne7 42. Ne5+ Kf6 43. Rg1 Rd8 44. Rc2 Rg8 45. Rh2 Rg7 46. Rh8 Nc6 47.
Ng4+ Kf7 48. d5 1-0

[Event "London Classic Open 2018"]
[Site "London ENG"]
[Date "2018.12.12"]
[Round "4.68"]
[White "Viudes Serra, Aaron"]
[Black "Longson, Sarah N"]
[Result "0-1"]
[BlackTitle "WFM"]
[WhiteElo "1850"]
[BlackElo "2137"]
[WhiteFideId "2247658"]
[BlackFideId "2501465"]
[EventDate "2018.12.09"]

1. c4 e5 2. Nc3 Nf6 3. g3 c6 4. d3 d5 5. cxd5 cxd5 6. Bg2 Bb4 7. a3 Bxc3+ 8.
bxc3 O-O 9. Rb1 Qa5 10. Qb3 Nc6 11. Bd2 Be6 12. Nh3 h6 13. Rb2 Qd8 14. O-O Qd7
15. Nf4 exf4 16. Bxf4 b6 17. Rc1 Rac8 18. a4 Rfe8 19. Qa3 Bh3 20. Bf3 Bg4 21.
Rcc2 Bxf3 22. exf3 Ne5 23. Bxe5 Rxe5 24. Kg2 Qe7 25. Qb3 Re8 26. Qa2 Qd7 27. Rb4
Qe6 28. Rbb2 Re1 29. a5 Nd7 30. axb6 axb6 31. Qa4 Nc5 32. Qb5 Qf5 33. Rd2 Ra8
34. Rb4 Raa1 35. g4 Rg1+ 36. Kh3 Qxf3+ 37. Kh4 g5+ 0-1

[Event "London Classic Open 2018"]
[Site "London ENG"]
[Date "2018.12.12"]
[Round "4.69"]
[White "Liu, Cheng"]
[Black "Eche, Sylvain"]
[Result "0-1"]
[WhiteElo "1840"]
[BlackElo "2136"]
[WhiteFideId "331059692"]
[BlackFideId "627194"]
[EventDate "2018.12.09"]

1. d4 Nf6 2. c4 g6 3. f3 d5 4. cxd5 Nxd5 5. e4 Nb6 6. Be3 Bg7 7. Nc3 O-O 8. Qd2
Nc6 9. O-O-O Qd6 10. Nb5 Qd7 11. g4 a6 12. Na3 Rd8 13. Nc2 Qe8 14. Qf2 Na4 15.
h4 h6 16. Nh3 Na5 17. Qd2 c5 18. Qxa5 cxd4 19. Bxd4 Be6 20. b3 Bxd4 21. Rxd4
Rxd4 22. Nxd4 Rc8+ 23. Nc2 Qc6 24. Rh2 Qd6 25. Qd2 Qa3+ 26. Kd1 Nb2+ 27. Ke1
Qxa2 28. Nb4 Qb1+ 29. Kf2 Bxb3 30. Kg3 Qxf1 31. Rf2 Qb5 32. Qxh6 Nd1 33. Ng5
Qe5+ 34. f4 Rc3+ 35. Kh2 Qg7 36. Qxg7+ Kxg7 37. Rd2 f6 38. Nh3 Ne3 39. Rd7 Nxg4+
40. Kg2 Ne3+ 41. Kg1 Kf7 42. Rxb7 a5 43. Nc6 Rc1+ 44. Kh2 Rxc6 45. Rxb3 Nf1+ 46.
Kg2 Nd2 47. Ra3 Nxe4 48. Rxa5 Rc2+ 49. Kh1 Ng3+ 50. Kg1 Nh5 51. Ra4 Rc3 52. Kh2
Rc2+ 53. Kg1 Ng3 54. Ra5 Rc4 55. Kg2 Nh5 56. Kf3 Rc3+ 57. Kg2 Rg3+ 58. Kh2 Rg4 0-1

[Event "London Classic Open 2018"]
[Site "London ENG"]
[Date "2018.12.12"]
[Round "4.70"]
[White "Woltery, Nicolai"]
[Black "Lopez Gomez, Jose Pablo"]
[Result "1-0"]
[WhiteElo "1817"]
[BlackElo "2094"]
[WhiteFideId "436887"]
[BlackFideId "5110645"]
[EventDate "2018.12.09"]

1. c4 Nf6 2. Nc3 g6 3. g3 Bg7 4. Bg2 O-O 5. Nf3 d6 6. d4 Nc6 7. O-O Na5 8. b3 d5
9. cxd5 Nxd5 10. Bb2 e6 11. Rc1 b6 12. e4 Ne7 13. Qc2 Nac6 14. a3 e5 15. dxe5
Bg4 16. Rfd1 Qc8 17. Nd5 Nxd5 18. Qxc6 Ne7 19. Qxc7 Qe6 20. Qc4 Qc8 21. Qxc8
Raxc8 22. h3 Bxf3 23. Bxf3 h5 24. Be2 Rfd8 25. Rxd8+ Rxd8 26. Rc2 Kh7 27. f4 Bh6
28. Kf2 h4 29. Kf3 hxg3 30. Kxg3 Bf8 31. Kg4 Ng8 32. f5 Nh6+ 33. Kf4 Bc5 34. b4
Bg1 35. fxg6+ Kxg6 36. Bb5 Rd1 37. Rg2+ Kh7 38. e6 1-0

[Event "London Classic Open 2018"]
[Site "London ENG"]
[Date "2018.12.12"]
[Round "4.71"]
[White "Semprun Martinez, Fernando"]
[Black "Jaufarally, Nadia"]
[Result "0-1"]
[WhiteElo "2091"]
[BlackElo "1833"]
[WhiteFideId "2203170"]
[BlackFideId "443727"]
[EventDate "2018.12.09"]

1. e4 c5 2. Nf3 g6 3. d4 cxd4 4. Nxd4 Bg7 5. c4 Nc6 6. Be3 Nf6 7. Nc3 d6 8. f3
O-O 9. Qd2 Nxd4 10. Bxd4 Be6 11. Rc1 Qa5 12. Nd5 Qxd2+ 13. Kxd2 Bxd5 14. cxd5
Nxe4+ 15. fxe4 Bxd4 16. Rc7 Bxb2 17. Rxe7 f5 18. Rxb7 Bg7 19. Bd3 fxe4 20. Bxe4
Rf2+ 21. Kd3 Rc8 22. Ke3 Rxa2 23. Rhb1 Bh6+ 24. Kf3 Rc3+ 25. Kg4 Ra4 26. Re7 Kf8
27. Rbb7 Re3 28. Rxh7 Raxe4# 0-1

[Event "London Classic Open 2018"]
[Site "London ENG"]
[Date "2018.12.12"]
[Round "4.72"]
[White "Mazur, Maciej"]
[Black "Seymour, Timothy P"]
[Result "0-1"]
[WhiteElo "1772"]
[BlackElo "2080"]
[WhiteFideId "21031150"]
[BlackFideId "412112"]
[EventDate "2018.12.09"]

1. e4 e5 2. Nf3 Nc6 3. Bb5 g6 4. d3 Bg7 5. c3 Nge7 6. O-O O-O 7. Bg5 h6 8. Be3
d6 9. Qc1 Kh7 10. h3 f5 11. exf5 Nxf5 12. Nbd2 Nce7 13. Ne4 d5 14. Ng3 Nxg3 15.
fxg3 Nf5 16. Qe1 Qd6 17. g4 Nxe3 18. Qxe3 Qb6 19. Qxb6 axb6 20. d4 c6 21. Be2 e4
22. Nd2 Bd7 23. a3 c5 24. dxc5 bxc5 25. Rad1 Bc6 26. Rxf8 Rxf8 27. Nb3 b6 28.
Rf1 Rd8 29. Rf7 d4 30. Rc7 Ba4 31. cxd4 Bxb3 32. dxc5 bxc5 33. Kf2 Kg8 34. Rb7
Bd5 35. Rb6 Bd4+ 36. Ke1 Kg7 37. h4 Be5 38. Kf2 Rf8+ 39. Kg1 Rb8 40. Rxb8 Bxb8
41. b4 cxb4 42. axb4 Bg3 43. h5 g5 44. Kf1 Kf6 45. b5 Ke5 46. b6 Kd4 47. Ba6
Bc4+ 48. Bxc4 Kxc4 49. Ke2 Kd4 50. Kd2 e3+ 51. Ke2 Ke4 52. b7 Bb8 53. Kf1 Kd3
54. Ke1 Bg3+ 0-1

[Event "London Classic Open 2018"]
[Site "London ENG"]
[Date "2018.12.12"]
[Round "4.73"]
[White "Zhao, Haolin"]
[Black "Jyothilal, N."]
[Result "0-1"]
[WhiteElo "1765"]
[BlackElo "2078"]
[WhiteFideId "428680"]
[BlackFideId "5002605"]
[EventDate "2018.12.09"]

1. e4 c5 2. Nc3 Nc6 3. f4 g6 4. Nf3 Bg7 5. Bb5 Nd4 6. O-O Nxb5 7. Nxb5 d5 8.
exd5 a6 9. Nc3 Nf6 10. d4 c4 11. Qe2 Nxd5 12. Qxc4 Nxc3 13. Qxc3 Bf5 14. Qd2 Rc8
15. c3 O-O 16. Qe2 Re8 17. Re1 b5 18. Bd2 Qd5 19. Ne5 Rc7 20. Qf3 Qd6 21. Nd3
Bc8 22. Qf2 Qd5 23. Nc5 b4 24. Qe2 bxc3 25. bxc3 Rc6 26. Nd3 Re6 27. Ne5 Rd8 28.
Qf3 Qd6 29. a3 f6 30. Nd3 Rxe1+ 31. Bxe1 Be6 32. Nc5 Bd5 33. Qf1 Ra8 34. Bg3 Qc6
35. Qe2 Bf8 36. Qd2 e6 37. Nd3 a5 38. Be1 Rb8 39. Nc1 Bd6 40. Bh4 Kg7 41. Bg3
Rb6 42. h3 Qb7 43. Nd3 Qc6 44. Nc1 Qc4 45. Be1 Rb7 46. Qd3 Bxf4 47. Rb1 Rxb1 48.
Qxb1 Be3+ 49. Bf2 Qxc3 50. Ne2 Qxa3 51. Qb6 Bxf2+ 52. Kxf2 g5 53. Qc7+ Kg8 54.
Qd8+ Qf8 55. Qxa5 Qb8 56. Qc5 Qb7 57. Qd6 Kf7 58. Qg3 Bc4 59. Qg4 Qb2 60. Qh5+
Kg7 61. g3 Bxe2 62. Qxe2 Qxe2+ 63. Kxe2 Kf7 64. Ke3 Ke7 65. Kd3 Kd6 66. Ke4 f5+
67. Ke3 Kd5 68. Kd3 h6 69. Ke3 h5 70. h4 gxh4 71. gxh4 Kc4 72. Kf4 Kxd4 73. Kg5
Ke3 74. Kxh5 f4 75. Kg6 f3 76. Kf6 f2 77. Kxe6 f1=Q 78. h5 Qf8 0-1

[Event "London Classic Open 2018"]
[Site "London ENG"]
[Date "2018.12.12"]
[Round "4.74"]
[White "Nettleton, Charlie B"]
[Black "Wei, Naomi"]
[Result "1-0"]
[WhiteElo "2059"]
[BlackElo "1812"]
[WhiteFideId "419710"]
[BlackFideId "425850"]
[EventDate "2018.12.09"]

1. b3 e5 2. Bb2 Nc6 3. e3 d5 4. Bb5 Bd6 5. Nf3 f6 6. Nc3 Ne7 7. e4 d4 8. Ne2 Be6
9. Ng3 a6 10. Bc4 Bxc4 11. bxc4 O-O 12. d3 b5 13. Nd2 Bb4 14. O-O Qd6 15. Nb3
bxc4 16. dxc4 Qe6 17. Qe2 Ng6 18. Nf5 Rfd8 19. c5 Na5 20. Qg4 Qc6 21. Nxa5 Qb5
22. Nb3 a5 23. h4 Rd7 24. a4 Qc6 25. Rfd1 Rad8 26. g3 Bxc5 27. h5 Nf8 28. Nxc5
Qxc5 29. Ba3 Qxc2 30. h6 g6 31. Be7 Kf7 32. Bxd8 gxf5 33. Qg7+ Ke8 34. Qxf6 Rxd8
35. Qxe5+ Kf7 36. Qxf5+ Ke7 37. Rac1 Qxa4 38. Qe5+ Ne6 39. Rxc7+ Rd7 40. Rxd7+ 1-0

[Event "London Classic Open 2018"]
[Site "London ENG"]
[Date "2018.12.12"]
[Round "4.75"]
[White "Chilton, James I"]
[Black "Coote, Trevor D"]
[Result "0-1"]
[WhiteElo "1738"]
[BlackElo "2057"]
[WhiteFideId "423009"]
[BlackFideId "410039"]
[EventDate "2018.12.09"]

1. e4 g6 2. d4 Bg7 3. Nc3 d6 4. f4 Nf6 5. Nf3 O-O 6. Bd3 a6 7. O-O c5 8. Ne2 c4
9. Bxc4 Nxe4 10. Bd3 Nf6 11. Ng3 Nc6 12. c3 e5 13. fxe5 dxe5 14. Nxe5 Nxe5 15.
dxe5 Ng4 16. Be2 Qxd1 17. Bxd1 Nxe5 18. Ne4 Be6 19. Nf6+ Kh8 20. Bc2 Bc4 21. Rf4
Rad8 22. Be4 Bxf6 23. b3 Rd1+ 24. Kf2 Nd3+ 25. Bxd3 Bxd3 26. Rxf6 Rf1+ 27. Ke3
Rxf6 28. Kxd3 Rf1 29. c4 Kg8 30. Bb2 Rd8+ 31. Ke2 Rxa1 32. Bxa1 Kf8 33. Bf6 Rd6
34. Bc3 Ke8 35. a4 Kd7 36. b4 Kc6 37. a5 h5 38. h4 f6 39. Ke3 Re6+ 40. Kf3 f5
41. g3 Re4 42. c5 Kd5 43. Kf2 Kc4 44. Bd2 Kd3 45. Be1 Re2+ 46. Kf1 Ke3 47. Bc3
Kf3 48. Be1 Rc2 49. Kg1 Rc1 50. Kf1 Rb1 0-1